|
|
|
|
| LEADER |
01106nam a2200325 4500 |
| 001 |
000006108 |
| 003 |
2262 |
| 005 |
20110831140800.0 |
| 008 |
110831s2005 viesd |
| 020 |
|
|
|c 75000
|
| 041 |
0 |
|
|a vie
|
| 082 |
|
|
|a 194
|b TR-Đ
|
| 100 |
0 |
|
|a Trần Thái Đỉnh
|
| 245 |
|
0 |
|a Triết học Descartes
|b Ba tập in chung:Triết học Descartes ;Phương pháp luận ; Những suy niệm siêu hình học
|c Trần Thái Đỉnh
|
| 260 |
|
|
|a H.
|b Nxb Văn học
|c 2005
|
| 300 |
|
|
|a 594 tr.
|c 21 cm
|
| 653 |
|
|
|a Triết học Pháp
|
| 653 |
|
|
|a Descartes
|
| 653 |
|
|
|a Trần Thái Đỉnh
|
| 910 |
|
|
|a Thu Sương
|d 31/8/2011
|
| OWN |
|
|
|a LSP
|
| AVA |
|
|
|a UDN50
|b LSP
|d 194 TR-Đ
|e available
|t Error 5001 Not defined in file expand_doc_bib_avail.
|f 1
|g 0
|h N
|i 0
|k 1
|
| 999 |
|
|
|a From the UDN01
|
| AVA |
|
|
|a UDN50
|b LSP
|d 194 TR-Đ
|e available
|t Error 5001 Not defined in file expand_doc_bib_avail.
|f 1
|g 0
|h N
|i 0
|k 1
|
| TYP |
|
|
|a Monograph
|
| TYP |
|
|
|a Printed language
|
| 980 |
|
|
|a Mạng thư viện Đại học Đà Nẵng
|